000 00272nam a22001097a 4500
008 230620b xxu||||| |||| 00| 0 eng d
082 _a320.2
_bTAN 1979
245 _aIn Defence of Democracy
260 _aKampala
_bUNDIS Publications
_c1979
300 _a30p
942 _2ddc
_cBK
999 _c1651
_d1651